Biochemistry (Record no. 1398)

MARC details
000 -LEADER
fixed length control field 00423 a2200181 4500
001 - CONTROL NUMBER
control field 067507
003 - CONTROL NUMBER IDENTIFIER
control field OSt
005 - DATE AND TIME OF LATEST TRANSACTION
control field 20211214171505.0
008 - FIXED-LENGTH DATA ELEMENTS--GENERAL INFORMATION
fixed length control field
082 ## - DEWEY DECIMAL CLASSIFICATION NUMBER
Classification number 572
Item number B45B
100 1# - MAIN ENTRY--PERSONAL NAME
Personal name Berg, Jeremy M.
245 1# - TITLE STATEMENT
Title Biochemistry
Statement of responsibility, etc by Jeremy M. Berg
260 ## - PUBLICATION, DISTRIBUTION, ETC. (IMPRINT)
Place of publication, distribution, etc New York
Name of publisher, distributor, etc W.H. Freeman
Date of publication, distribution, etc 2006
300 ## - PHYSICAL DESCRIPTION
Extent 1026p.
630 ## - SUBJECT ADDED ENTRY--UNIFORM TITLE
Uniform title Chemistry
653 ## - INDEX TERM--UNCONTROLLED
Uncontrolled term Biochemistry
942 ## - ADDED ENTRY ELEMENTS (KOHA)
Source of classification or shelving scheme Dewey Decimal Classification
Koha item type Books
Holdings
Withdrawn status Lost status Source of classification or shelving scheme Damaged status Not for loan Collection code Home library Current library Date acquired Source of acquisition Cost, normal purchase price Total Checkouts Full call number Barcode Date last seen Date checked out Price effective from Koha item type
    Dewey Decimal Classification     General Text Book Central University Of Rajasthan Central University Of Rajasthan 07/03/2012 CHM 3061.00 8 572 B45B 1793 21/11/2024 05/03/2024 02/09/2020 Books